Statistics for Mediterranean Geography by Letter - J

Click here to take the quiz!

General Stats

  • This quiz has been taken 573 times
  • The average score is 7 of 13

Answer Stats

HintAnswer% Correct
Country bordering the Dead Sea?Jordan
98%
City that is holy to all three Abrahamic religions?Jerusalem
94%
Figurehead of Christianity?Jesus
92%
Leader of the Argonauts?Jason
74%
Arabic word for 'inner struggle'?Jihad
64%
Roman deity of the sky and lightning?Jupiter
64%
Smallest Abrahamic religion?Judaism
63%
Last consul of the Roman Republic?Julius Caesar
54%
Byzantine emperor who aspired to reclaim the lost western half of the Roman Empire?Justinian I
42%
Weapon originating in Ancient Greece wielded by skirmishers, most notably the Peltast?Javelin
39%
City in southern Spain that houses many significant architectural remnants of Moorish rule?Jaén
18%
Current name of the ancient city of Byblos?Jubayl
5%
Tourist town in northeastern Algeria which is near ancient Phoenician tombs?Jijel
3%

Score Distribution

Percentile by Number Answered

Percent of People with Each Score

Your Score History

You have not taken this quiz